La Mauvaise Réputation (Georges Brassens) - Paroles - Statistiques

Statistiques générales
  • Ce quiz a été pris 1 828 fois
    1 546 depuis la dernière actualisation
  • Le résultat moyen est 239 sur 305
Statistiques - réponses
Paroles % Correct
à
99%
m'
99%
s'
99%
j'
98%
J'
98%
Au
97%
au
97%
l'
97%
n'
96%
Qu'
96%
qu'
96%
de
95%
de-
95%
je
95%
Je
95%
je-
95%
le
95%
Le
95%
mauvaise
95%
réputation.
95%
pas
94%
pas.
94%
Pas
94%
ne-
93%
ne
93%
J'ai
92%
les
92%
pour
92%
Pour
92%
En
91%
me
91%
prétention
91%
sans
91%
un
91%
village
91%
personne
90%
fais
89%
mon
89%
pourtant
89%
que
89%
gens
87%
quoi.
86%
une
85%
braves
84%
Mais
84%
sais-
84%
tort
84%
autre
83%
n'aiment
83%
L'on
82%
qu'eux.
82%
qui
82%
route
82%
ch'min
81%
La
81%
la
81%
petit
80%
reste
80%
suive
80%
bonhomme.
79%
Non
79%
passe
79%
ou
78%
suivant
77%
ça
76%
soi.
76%
va
76%
Sauf
74%
du
73%
cul-
72%
dans
72%
Tout
72%
monde
71%
juillet
70%
Quatorze
70%
lit
69%
moi.
68%
douillet.
67%
jour
67%
marche
67%
Cela
66%
regarde
66%
se
65%
sonne.
65%
clairon
64%
manchots,
63%
muets,
62%
par
62%
voleur
61%
terre.
60%
démène
59%
cou.
57%
musique
57%
terreux
57%
doigt.
55%
jatte,
55%
aveugles,
54%
médit
54%
montre
54%
bien
53%
coi,
53%
n'écoutant
53%
pommes.
53%
et
52%
entendu !
50%
Rome.
50%
voleurs
49%
retrouve
48%
Poursuivi
46%
Quand
46%
mènent
45%
ch'mins
43%
culs-
43%
malchanceux
43%
laissant
42%
pendu.
42%
Ils
41%
corde
40%
courir
40%
sur
40%
Jérémie
39%
patte
39%
voir
39%
besoin
38%
croise
37%
d'être
37%
leur
36%
rue
36%
sort
36%
passeront
35%
pourquoi
35%
promis.
34%
viendra
34%
goût,
33%
m'est
33%
trouvent
33%
d'viner
32%
lance
32%
S'ils
31%
taire
29%
Aucun quiz correspondant
Distribution des résultats
% des personnes avec chaque résultat
Percentile par nombre de réponses
Votre historique - résultats
Vous n’avez pas pris ce quiz depuis la dernière actualisation